| 000 | 01078nam a2200373 c 4500 | ||
|---|---|---|---|
| 001 | 52945 | ||
| 003 | ES-MaCES | ||
| 005 | 20250203133308.0 | ||
| 008 | 231215s2023 sp l o000 | spa d | ||
| 017 |
_aM 24889-2023 _bDL |
||
| 020 | _a9788419446619 (papel con comp. electrónico) | ||
| 035 | _aCES20040014476m | ||
| 040 |
_aES-MaCES _bspa _cES-MaCES |
||
| 110 | 1 |
_aEspaña _tLeyes, etc., tributarias _93146 |
|
| 245 | 1 | 0 | _aCódigo tributario |
| 260 |
_aLas Rozas (Madrid) _bLa Ley _c2023 |
||
| 300 |
_a1728 p. _c21 cm |
||
| 490 | 1 | _aCódigos La Ley | |
| 500 | _aÍndices | ||
| 541 | _cCompra | ||
| 650 | 4 |
_atributación _928093 |
|
| 650 | 4 |
_aadministración fiscal _927209 |
|
| 650 | 4 |
_aEspaña _926964 |
|
| 650 | 4 |
_alegislación económica _927161 |
|
| 650 | 4 |
_atexto _929624 |
|
| 650 | 4 |
_aCD ROM _930331 |
|
| 650 | 4 |
_928086 _aimpuesto |
|
| 653 | 1 | 0 | _aLegislación |
| 775 | 1 |
_tCódigo tributario _w(ES-MaCES)17051 |
|
| 830 |
_940836 _aCódigos La Ley |
||
| 902 | _aLIB Libro | ||
| 942 |
_2CES _cBK _h6.1. |
||
| 999 |
_c52945 _d52945 |
||